[Event "AUTO-ADV-429"]
[Site "http://www.queenalice.com/game.php?id=178104"]
[Date "2007.3.7"]
[Round "1"]
[White "lonely"]
[Black "Herivelto"]
[Result "0-1"]
[WhiteElo "1640"]
[BlackElo "1844"]

1. e4 c5 2. Nf3 d6 3. d4 e6 4. Nc3 cxd4 5. Qxd4 Nc6 6. Bb5 a6 7. Bxc6+ bxc6 8.
Bg5 Ne7 9. O-O-O d5 10. Rhe1 f6 11. Bh4 Qa5 12. exd5 cxd5 13. a3 Nf5 14. Qxd5
Qxd5 15. Nxd5 Ra7 16. Nd4 Nxh4 17. Nxe6 Bxe6 18. Rxe6+ Be7 19. Rde1 Nf5 20. g4
Nd4 21. Rxe7+ Rxe7 22. Nxe7 Kf7 23. Nd5 Re8 24. Rxe8 Kxe8 25. Nc7+ Kd7 26. Nxa6
Nf3 27. h3 Kd6 28. c4 Nd4 29. b4 g6 30. Kd2 g5 31. Nc5 f5 32. gxf5 Nxf5 33. Ne4+
Ke5 34. Nxg5 h5 35. Kd3 Kf4 0-1

[Event "AUTO-ADV-429"]
[Site "http://www.queenalice.com/game.php?id=178105"]
[Date "2007.3.7"]
[Round "1"]
[White "Herivelto"]
[Black "lonely"]
[Result "1-0"]
[WhiteElo "1874"]
[BlackElo "1742"]

1. Nf3 Nf6 2. c4 b6 3. g3 Bb7 4. Bg2 e6 5. b3 d5 6. Bb2 Be7 7. O-O Nbd7 8. d3 c5
9. cxd5 Bxd5 10. Nc3 Qc7 11. Rc1 a6 12. Nxd5 Nxd5 13. Bxg7 Rg8 14. Bb2 O-O-O 15.
a3 f6 16. b4 Kb8 17. bxc5 bxc5 18. Nd4 Qb6 19. Rb1 Ka8 20. Nf5 Qc7 21. Nxe7 Rgf8
22. Nxd5 exd5 23. Bxd5+ Ka7 24. Qb3 Nb6 25. Be4 Rb8 26. Qe6 Rbe8 27. Qf5 h6 28.
Bxf6 Qd6 29. Qg6 Rxf6 30. Qxe8 1-0

[Event "AUTO-ADV-429"]
[Site "http://www.queenalice.com/game.php?id=178106"]
[Date "2007.3.7"]
[Round "1"]
[White "lonely"]
[Black "rxk"]
[Result "1-0"]
[WhiteElo "1727"]
[BlackElo "1682"]

1. e4 c5 2. Nf3 Nc6 3. Bc4 e6 4. Nc3 d6 5. d4 cxd4 6. Nxd4 Bd7 7. Be3 Nf6 8. O-O
a6 9. a4 Rc8 10. Bb3 Be7 11. Qd2 O-O 12. f4 Ng4 13. h3 Nxe3 14. Qxe3 Nb4 15.
Rad1 Rxc3 16. bxc3 Nc6 17. f5 exf5 18. Nxf5 Bxf5 19. Rxf5 g6 20. Rf3 Qc7 21.
Rdf1 Ne5 22. R3f2 Kg7 23. Qd4 f6 24. Bd5 Qc5 25. Bxb7 a5 26. Bd5 Qc7 27. c4 h5
28. Qd2 Nxc4 29. Qc3 Qc5 30. Qxc4 Qa7 31. Kh1 h4 32. Rf4 g5 33. R4f3 Bd8 34. Qc6
1-0

[Event "AUTO-ADV-429"]
[Site "http://www.queenalice.com/game.php?id=178107"]
[Date "2007.3.7"]
[Round "1"]
[White "rxk"]
[Black "lonely"]
[Result "1-0"]
[WhiteElo "1677"]
[BlackElo "1692"]

1. d4 d5 2. c4 e6 3. Nf3 c6 4. Nc3 Nf6 5. e3 a6 6. Bd3 Be7 7. O-O Bd7 8. Re1 b5
9. cxd5 cxd5 10. e4 Bc6 11. e5 Nfd7 12. Qc2 g6 13. Bh6 Nb6 14. b3 N8d7 15. Ne2
Rc8 16. Nf4 Bf8 17. Bxf8 Nxf8 18. Qd2 Nfd7 19. Nh3 Bb7 20. Qh6 Qe7 21. Nhg5 Qf8
22. Qh4 Qe7 23. Qg3 f5 24. exf6 Qf7 25. Nxf7 Kxf7 26. Qd6 Rhe8 27. Rac1 Kxf6 28.
Qf4+ Kg7 29. Rxc8 1-0

[Event "AUTO-OPEN-365"]
[Site "http://www.queenalice.com/game.php?id=184060"]
[Date "2007.3.18"]
[Round "2"]
[White "kasparosaure"]
[Black "lonely"]
[Result "1-0"]
[WhiteElo "1873"]
[BlackElo "1678"]

1. d4 d5 2. Nf3 Nc6 3. c3 Nf6 4. Bg5 e6 5. Nbd2 h6 6. Bh4 Be7 7. e3 a6 8. Bd3
Na7 9. O-O c5 10. Rc1 c4 11. Bb1 Bd7 12. Ne5 Nc6 13. f4 Nh7 14. Qh5 Nxe5 15.
fxe5 O-O 16. Bxe7 Qxe7 17. Nf3 f5 18. Nh4 Qg5 19. Qxg5 Nxg5 20. Ng6 Rfe8 21. Rf4
b5 22. Rcf1 a5 23. g4 Kh7 24. gxf5 exf5 25. Nh4 Ne4 26. Nxf5 Rf8 27. Nd6 Rxf4
28. exf4 1-0

[Event "AUTO-OPEN-365"]
[Site "http://www.queenalice.com/game.php?id=184061"]
[Date "2007.3.18"]
[Round "2"]
[White "lonely"]
[Black "kasparosaure"]
[Result "0-1"]
[WhiteElo "1687"]
[BlackElo "1864"]

1. e4 d5 2. exd5 Qxd5 3. Nc3 Qd6 4. Bc4 Nc6 5. Nf3 Bg4 6. Bxf7+ Kxf7 7. Ng5+ Ke8
8. Qxg4 Nf6 9. Qc4 Qe5+ 10. Nce4 Nd8 11. O-O Nxe4 12. Nxe4 Nc6 13. c3 Rd8 14. f4
Qd5 15. Qe2 Qf5 16. d4 e6 17. Ng5 Rd6 18. Bd2 Be7 19. Rae1 Bxg5 20. fxg5 Qg6 21.
Bf4 Rd7 22. Qxe6+ Qxe6 23. Rxe6+ Kd8 24. Rfe1 Rf8 25. g3 Na5 26. b3 g6 27. Be5
Nc6 28. Bf6+ Kc8 0-1

[Event "AUTO-OPEN-365"]
[Site "http://www.queenalice.com/game.php?id=184068"]
[Date "2007.3.18"]
[Round "2"]
[White "lonely"]
[Black "andreavb"]
[Result "1/2-1/2"]
[WhiteElo "1715"]
[BlackElo "1860"]

1. e4 e5 2. Nf3 d6 3. d4 Nd7 4. Bc4 c6 5. a4 Be7 6. Be3 Ngf6 7. Nc3 O-O 8. h3 b6
9. Qd2 Qc7 10. Rd1 Bb7 11. O-O Rad8 12. Rfe1 Rfe8 13. Ba2 exd4 14. Bxd4 Bf8 15.
Ng5 d5 16. exd5 Rxe1+ 17. Rxe1 cxd5 18. Qd3 Nc5 19. Qf5 Qd7 20. Qf3 Ne8 21. Qh5
Qf5 22. g4 Qg6 23. Qxg6 hxg6 24. f3 Nf6 25. Kg2 Nh7 26. Nxh7 Kxh7 27. Re5 Bd6
28. Re1 Bc6 29. Rd1 Ne6 30. Be3 Nf4+ 31. Bxf4 Bxf4 32. Nxd5 Be5 33. c3 a6 34.
Bb3 b5 35. f4 Bxd5+ 36. Rxd5 Rxd5 37. Bxd5 Bxf4 38. axb5 axb5 39. Bxf7 Bc1 40.
b3 Bd2 41. c4 bxc4 42. bxc4 Bf4 43. Kf3 Bc7 44. c5 g5 45. c6 g6 46. Ke4 Kg7 47.
Be6 Kf6 48. Kd5 Ke7 49. Bd7 Kf6 50. Bc8 Ke7 51. Be6 Kf6 52. Bd7 Ke7 53. Kc5 Kd8
54. Be6 Ke7 55. Kd5 1/2-1/2

[Event "AUTO-OPEN-365"]
[Site "http://www.queenalice.com/game.php?id=184069"]
[Date "2007.3.18"]
[Round "2"]
[White "andreavb"]
[Black "lonely"]
[Result "0-1"]
[WhiteElo "1940"]
[BlackElo "1684"]

1. e4 c5 2. Nf3 d6 3. d4 cxd4 4. Nxd4 Nf6 5. Nc3 g6 6. Bg5 Bg7 7. Qd2 Nc6 8. Bb5
Bd7 9. Nxc6 Bxc6 10. Bd3 e6 11. O-O O-O 12. Bh6 Rc8 13. Bxg7 Kxg7 14. Rad1 a6
15. Rfe1 Qe7 16. Bf1 Rfd8 17. Qg5 Re8 18. Qg3 Red8 19. Rd4 e5 20. Rd2 Nh5 21.
Qd3 Qg5 22. Qh3 Bd7 23. Qf3 Qxd2 24. Rd1 Qxc2 25. Bd3 Qxb2 26. Nd5 Be6 27. g4
Bxd5 28. exd5 Nf4 29. h4 Rc1 30. Rxc1 Qxc1+ 31. Kh2 Nxd3 32. Qxd3 Qf4+ 33. Kh3
Qxf2 34. Qb3 Rc8 35. g5 Rc2 36. Kg4 Qf4+ 0-1

[Event "AUTO-OPEN-363"]
[Site "http://www.queenalice.com/game.php?id=184074"]
[Date "2007.3.18"]
[Round "2"]
[White "imcute"]
[Black "lonely"]
[Result "1-0"]
[WhiteElo "1757"]
[BlackElo "1706"]

1. e4 e5 2. Nf3 Nc6 3. Bc4 Bc5 4. c3 a6 5. O-O d6 6. d4 exd4 7. cxd4 Ba7 8. e5
dxe5 9. Nxe5 Nxe5 10. dxe5 Bf5 11. Nc3 Ne7 12. Bg5 h6 13. Bxe7 Qxe7 14. Nd5 Qc5
15. Rc1 O-O-O 16. Nxc7 Kb8 17. Nd5 Be6 18. Qd2 Bxd5 19. Bxa6 Qb6 20. Bd3 Bxg2
21. Rfe1 Bc6 22. Qf4 Rxd3 23. e6+ Ka8 24. exf7 Rf8 25. Rxc6 bxc6 26. Re8+ Kb7
27. Rxf8 Qc5 28. Re8 Qd5 29. Re1 Rf3 30. f8=Q 1-0

[Event "AUTO-OPEN-363"]
[Site "http://www.queenalice.com/game.php?id=184075"]
[Date "2007.3.18"]
[Round "2"]
[White "lonely"]
[Black "imcute"]
[Result "0-1"]
[WhiteElo "1721"]
[BlackElo "1742"]

1. e4 e5 2. Nf3 Nc6 3. Bc4 Nf6 4. O-O Bc5 5. c3 O-O 6. d4 exd4 7. e5 Ne4 8. cxd4
Bb6 9. Re1 d5 10. Bb3 Bf5 11. Nc3 Qd7 12. Bf4 h6 13. Bc2 a6 14. a3 Bg4 15. h3
Bxf3 16. Qxf3 f5 17. Rad1 Rae8 18. Bxe4 fxe4 19. Qg3 Nxd4 20. Bxh6 Nf5 21. Qg5
Nxh6 22. Ne2 Bxf2+ 23. Kh1 Bxe1 24. Rxe1 c5 25. Nf4 Qf5 26. Qxf5 Nxf5 0-1

[Event "AUTO-OPEN-363"]
[Site "http://www.queenalice.com/game.php?id=184082"]
[Date "2007.3.18"]
[Round "2"]
[White "MAGALINGsaROMANSAngChicks"]
[Black "lonely"]
[Result "1-0"]
[WhiteElo "1875"]
[BlackElo "1705"]

1. e4 c5 2. Nf3 d6 3. d4 cxd4 4. Qxd4 Nf6 5. Nc3 g6 6. Bc4 Bg7 7. Bg5 e6 8.
O-O-O Bd7 9. Qxd6 Bf8 10. Bxf6 Qxf6 11. Qc7 Qd8 12. Qxb7 Nc6 13. Rxd7 Qxd7 14.
Qxa8+ Ke7 15. Rd1 Qc7 16. Nb5 Qb6 17. Nd6 Bg7 18. Qb7+ Qxb7 19. Nxb7 Rb8 20. Ba6
Nb4 21. e5 Nxa6 22. Nd6 Nc5 23. b3 Bh6+ 24. Kb1 Nd7 25. a3 Bg7 26. b4 Nxe5 27.
Nxe5 Bxe5 28. Ne4 f5 29. Nc5 Bc3 30. Rd7+ Kf8 31. Nxe6+ Kg8 32. Rxa7 Be5 33. c4
Bxh2 34. c5 Be5 35. c6 h6 36. Rb7 Rxb7 37. cxb7 Kf7 38. Nc5 Ke7 39. Na6 1-0

[Event "AUTO-OPEN-363"]
[Site "http://www.queenalice.com/game.php?id=184083"]
[Date "2007.3.18"]
[Round "2"]
[White "lonely"]
[Black "MAGALINGsaROMANSAngChicks"]
[Result "0-1"]
[WhiteElo "1719"]
[BlackElo "1816"]

1. e4 c5 2. Nf3 d6 3. d4 cxd4 4. Qxd4 Nf6 5. Nc3 g6 6. Bg5 Bg7 7. e5 dxe5 8.
Qxd8+ Kxd8 9. O-O-O+ Bd7 10. Nxe5 Ke8 11. Bxf6 Bxf6 12. Nxd7 Nxd7 13. Bb5 Rd8
14. Ne4 Be5 15. Nc5 Bd6 16. Nxd7 Rxd7 17. Rhe1 Kd8 18. Bxd7 Kxd7 19. c4 b6 20.
b4 Rc8 21. Rd4 Kc6 22. a3 Kb7 23. Kb2 f5 24. g3 Kc6 25. Rd5 Kd7 26. f4 Rxc4 27.
Kb3 Rc6 28. Re2 h6 29. Re6 Kxe6 0-1

[Event "AUTO-OPEN-363"]
[Site "http://www.queenalice.com/game.php?id=184088"]
[Date "2007.3.18"]
[Round "2"]
[White "lonely"]
[Black "csadler"]
[Result "0-1"]
[WhiteElo "1694"]
[BlackElo "1837"]

1. e4 e5 2. Nf3 Nc6 3. Bc4 Nf6 4. O-O Nxe4 5. Re1 d5 6. Bb5 Bc5 7. d4 exd4 8.
Nxd4 O-O 9. Nxc6 bxc6 10. Be3 Bxe3 11. Rxe3 cxb5 12. Nc3 Bb7 13. Nxb5 c6 14. Nd4
Qf6 15. Qe2 Ba6 16. Qxa6 Qxf2+ 17. Kh1 Qxe3 18. Nf3 Nf2+ 19. Kg1 Nh3+ 20. Kh1
Qg1+ 0-1

[Event "AUTO-OPEN-363"]
[Site "http://www.queenalice.com/game.php?id=184089"]
[Date "2007.3.18"]
[Round "2"]
[White "csadler"]
[Black "lonely"]
[Result "1-0"]
[WhiteElo "1736"]
[BlackElo "1731"]

1. d4 d5 2. c4 e6 3. Nc3 Nf6 4. Nf3 Bb4 5. e3 Ne4 6. Qc2 Nd6 7. cxd5 exd5 8. Bd3
g6 9. O-O Be6 10. Bd2 Nd7 11. a3 Bxc3 12. bxc3 Bf5 13. Bxf5 Nxf5 14. c4 c6 15.
cxd5 cxd5 16. Bb4 Rc8 17. Qd3 a5 18. Bd2 O-O 19. Rac1 b6 20. Rxc8 Qxc8 21. Rc1
Qb7 22. Qb5 Nd6 23. Qb3 Nc4 24. Rxc4 dxc4 25. Qxc4 Rc8 26. Qb3 Qc6 27. h3 Qc4
28. Qb2 h5 29. e4 Re8 30. e5 Kg7 31. Be3 b5 32. Nd2 Qc6 33. e6 Nf6 34. exf7 Kxf7
35. Nf3 Qd5 36. Ne5+ Kg7 37. Qc2 Rxe5 38. dxe5 Qxe5 39. Qb3 Qd6 40. Qxb5 Qxa3
41. Qb7+ Kg8 42. Bh6 Qa1+ 43. Kh2 Qe5+ 44. g3 Ne8 45. Qf3 Qf6 46. Qb3+ Kh7 47.
Be3 g5 48. Qa4 Qe5 49. Qd7+ Ng7 50. Bd4 1-0

[Event "AUTO-ADV-440"]
[Site "http://www.queenalice.com/game.php?id=184326"]
[Date "2007.3.18"]
[Round "1"]
[White "ChrisDavison102"]
[Black "lonely"]
[Result "1-0"]
[WhiteElo "1938"]
[BlackElo "1710"]

1. e4 c5 2. Nf3 d6 3. d4 cxd4 4. Nxd4 g6 5. Nc3 Bg7 6. f4 Nf6 7. e5 dxe5 8. fxe5
Nd5 9. Bb5+ Nc6 10. Nxc6 bxc6 11. Bxc6+ Bd7 12. Bxa8 Nxc3 13. Qf3 Nb5 14. Bc6
Bxe5 15. O-O O-O 16. Bxd7 Qxd7 17. c3 f6 18. Bh6 Rd8 19. Rad1 Qc7 20. Rxd8+ Qxd8
21. Rd1 Qc7 22. Qd5+ Kh8 23. Qd8+ Qxd8 24. Rxd8# 1-0

[Event "AUTO-ADV-440"]
[Site "http://www.queenalice.com/game.php?id=184327"]
[Date "2007.3.18"]
[Round "1"]
[White "lonely"]
[Black "ChrisDavison102"]
[Result "0-1"]
[WhiteElo "1675"]
[BlackElo "1959"]

1. e4 c6 2. d4 d5 3. Nc3 dxe4 4. Nxe4 Bf5 5. Qf3 Bxe4 6. Qxe4 Nf6 7. Qh4 e6 8.
Nf3 Be7 9. Bg5 Nbd7 10. O-O-O h6 11. Be3 Nd5 12. Qg3 Bf6 13. c4 Nxe3 14. fxe3
O-O 15. Bd3 Rc8 16. Rhf1 Qe7 17. e4 Qe8 18. e5 Be7 19. h3 a6 20. Qf4 Bd8 21. Qe4
f5 22. Kb1 fxe4 23. Bxe4 b5 24. c5 Rf7 25. a3 Nf8 26. g4 Rf4 0-1

[Event "AUTO-ADV-440"]
[Site "http://www.queenalice.com/game.php?id=184338"]
[Date "2007.3.18"]
[Round "1"]
[White "mfrezman"]
[Black "lonely"]
[Result "0-1"]
[WhiteElo "1637"]
[BlackElo "1741"]

1. Nf3 d5 2. d4 Nc6 3. Bf4 e6 4. e3 Bd6 5. Ne5 Nf6 6. Bd3 Nxe5 7. dxe5 Be7 8.
exf6 Bxf6 9. c3 O-O 10. O-O c5 11. Qh5 g6 12. Qf3 e5 13. Bh6 e4 14. Bxe4 dxe4
15. Qxe4 Bg7 16. Bf4 Re8 17. Qc4 Qb6 18. b3 Be6 19. Qe2 Rad8 20. Nd2 Bxc3 21.
Rad1 Qb4 22. Ne4 Bf5 23. Nd6 Rf8 24. Nxf5 gxf5 25. Bd6 Rfe8 26. Qf3 Qb6 27. Qg3+
Bg7 28. Bc7 Qf6 29. Rd6 Rxd6 30. Bxd6 b6 31. f4 Qxd6 32. Qf3 Rxe3 33. Qxe3 Bd4
34. Qxd4 Qxd4+ 35. Kh1 Qb2 36. Ra1 Qxa1# 0-1

[Event "AUTO-ADV-440"]
[Site "http://www.queenalice.com/game.php?id=184339"]
[Date "2007.3.18"]
[Round "1"]
[White "lonely"]
[Black "mfrezman"]
[Result "1-0"]
[WhiteElo "1713"]
[BlackElo "1654"]

1. e4 e5 2. f4 exf4 3. Nf3 Bc5 4. d4 Be7 5. Bxf4 d5 6. e5 Bg4 7. Be2 Nc6 8. O-O
Qd7 9. c3 O-O-O 10. Nbd2 h6 11. h3 Bxh3 12. gxh3 Kb8 13. Kh2 g5 14. Be3 f6 15.
Bb5 Qe6 16. Bxc6 Qxc6 17. Qe2 Qe6 18. Rg1 h5 19. Rae1 g4 20. exf6 Bd6+ 21. Ne5
Nxf6 22. Bf4 gxh3 23. Nc6+ bxc6 24. Qxe6 Bxf4+ 25. Kxh3 h4 26. Nb3 Ne4 27. Rxe4
dxe4 28. Qxc6 e3 29. Nc5 Rd6 30. Qb7# 1-0

[Event "AUTO-ADV-440"]
[Site "http://www.queenalice.com/game.php?id=184346"]
[Date "2007.3.18"]
[Round "1"]
[White "lonely"]
[Black "blunderful"]
[Result "0-1"]
[WhiteElo "1696"]
[BlackElo "1790"]

1. e4 e5 2. f4 d5 3. d3 dxe4 4. dxe4 Qxd1+ 5. Kxd1 Nc6 6. Nf3 Bg4 7. Be2 O-O-O+
8. Ke1 Bxf3 9. Bxf3 Nd4 10. Bd1 exf4 11. Bxf4 Bc5 12. Bg4+ Kb8 13. Bd1 h6 14. c3
Ne6 15. Bg3 Nf6 16. Bf3 Ng5 17. Nd2 Nxf3+ 18. gxf3 Rd3 19. Ke2 Rhd8 20. Rhd1
Re3+ 21. Kf1 Nh5 22. Kg2 Re2+ 23. Kf1 Rexd2 24. Ke1 Rxd1+ 25. Rxd1 Rxd1+ 26.
Kxd1 Nxg3 0-1

[Event "AUTO-ADV-440"]
[Site "http://www.queenalice.com/game.php?id=184347"]
[Date "2007.3.18"]
[Round "1"]
[White "blunderful"]
[Black "lonely"]
[Result "1-0"]
[WhiteElo "1765"]
[BlackElo "1719"]

1. e4 c5 2. Nf3 d6 3. d4 cxd4 4. Nxd4 g6 5. Bc4 Bg7 6. Nc3 Nc6 7. Be3 Bd7 8. O-O
a6 9. Nd5 e6 10. Nxc6 bxc6 11. Bb6 Qb8 12. Nc7+ Ke7 13. Nxa8 Qxa8 14. Bd4 Nf6
15. e5 dxe5 16. Bxe5 Re8 17. Qd6+ Kd8 18. Qc7+ Ke7 19. Bd6# 1-0

[Event "SPFC"]
[Site "http://www.queenalice.com/game.php?id=198763"]
[Date "2007.4.18"]
[Round "2"]
[White "R_Mutt"]
[Black "lonely"]
[Result "1-0"]
[WhiteElo "2160"]
[BlackElo "1642"]

1. Nc3 e6 2. e4 c6 3. d4 d5 4. Bf4 Be7 5. Nf3 Nf6 6. Bd3 dxe4 7. Nxe4 Nd5 8. Bg3
O-O 9. Qd2 f5 10. Neg5 h6 11. Nh3 Nd7 12. Nf4 N7f6 13. Ng6 Re8 14. Nxe7+ Qxe7
15. O-O 1-0

[Event "AUTO-INT-311"]
[Site "http://www.queenalice.com/game.php?id=205170"]
[Date "2007.5.2"]
[Round "2"]
[White "johntelker"]
[Black "lonely"]
[Result "1-0"]
[WhiteElo "1861"]
[BlackElo "1734"]

1. d4 e6 2. Nf3 d5 3. e3 c5 4. b3 Nc6 5. Bb2 Nf6 6. Nbd2 Be7 7. Be2 O-O 8. O-O
a6 9. a3 b5 10. dxc5 Bxc5 11. c4 bxc4 12. bxc4 Rb8 13. Bc3 h6 14. Qc2 d4 15.
exd4 Nxd4 16. Nxd4 Bxd4 17. Bxd4 Qxd4 18. Nb3 Qe4 19. Bd3 Qc6 20. c5 Bb7 21. f3
Rfd8 22. Rfc1 Rd7 23. Na5 Qc7 24. Nxb7 Qxb7 25. Rab1 Qa7 26. Rxb8+ Qxb8 27. Bxa6
Qa7 28. Bb5 Rc7 29. a4 1-0

[Event "AUTO-INT-311"]
[Site "http://www.queenalice.com/game.php?id=205171"]
[Date "2007.5.2"]
[Round "2"]
[White "lonely"]
[Black "johntelker"]
[Result "0-1"]
[WhiteElo "1723"]
[BlackElo "1872"]

1. e4 e6 2. d4 d5 3. e5 Nd7 4. f4 Ne7 5. Nf3 Ng6 6. Bd3 Be7 7. O-O b6 8. f5 exf5
9. Bxf5 Bb7 10. Be3 Ndf8 11. Qd2 Ne6 12. b3 Nh4 13. Bh3 O-O 14. Nc3 c5 15. Rad1
cxd4 16. Nxd4 Ng6 17. Nxe6 fxe6 18. Bxe6+ Kh8 19. Rxf8+ Qxf8 20. Nxd5 Nxe5 21.
Nxe7 Qxe7 22. Qd6 Qxd6 23. Rxd6 Re8 24. Bd4 Ng6 25. g3 Be4 26. c3 Nf8 27. Bd5
Bxd5 28. Rxd5 Re7 29. Kf2 Nd7 0-1